| 000 | 01009nam a22002177a 4500 | ||
|---|---|---|---|
| 005 | 20241219121121.0 | ||
| 010 | _aHIN-128975 | ||
| 020 |
_a9789392210389 _c395.00 |
||
| 035 | _aHN-101321 | ||
| 037 | _bDBAD/PUB | ||
| 082 | _a921 | ||
| 100 |
_aजसबीर सिंह _975448 |
||
| 245 |
_aPOW जिसने कश्मीर को बचाया: _bशेर बच्चा ब्रिगेडियर प्रीतम सिंह, एम सी की गुमनाम गाथा/ _cजसबीर सिंह, एस एम और पंकज पी सिंह |
||
| 250 | _a1 | ||
| 260 |
_aचंडीगढ़ _bThe Browser & Fauji Days _c2024 |
||
| 270 |
_aSCO 14-15, FF, सेक्टरr 8-C, _bचंडीगढ़ _e160009 _mservice@thebrowser.org |
||
| 300 |
_a132 पृ. _c22सेमी (अजिल्द) |
||
| 700 |
_aएस. एम . _975387 |
||
| 700 |
_aपंकज पी सिंह _975388 |
||
| 942 |
_2ddc _cHN _h921 _mजसबी |
||
| 999 |
_c207806 _d207806 |
||